000 00853nam a2200253Ia 4500
003 OSt
005 20221005105232.0
006 a|||||r|||| 00| 0
007 ta
008 221004b |||||||| |||| 00| 0 hin d
024 _a30243
037 _cTextual
040 _aCRL
_cCRL
_bhin
041 _2hin
_ahin
082 _aV2'C, 152L3
100 _aमहाजन, विद्याधर
245 0 _aप्राचीन भारत का इतिहास
246 _aPrāchīn bhārat kā itihāsa
250 _aचौथा संस्करण
260 _aनई दिल्ली
_bएस. चन्द एण्ड कम्पनी लि. भारत
_c1973
300 _a752पृ.
_ccm.
942 _hV2'C, 152L3
_cTEXL
_2cc
999 _c1015224
_d1015224